| 000 | 00729nam a22002297a 4500 | ||
|---|---|---|---|
| 999 |
_c14735 _d14735 |
||
| 003 | AR-CdUCM | ||
| 008 | 190424b ||||| |||| 00| 0 spa d | ||
| 020 | _a978-1-4723-4495-3 | ||
| 040 |
_aMUNICIPALIDAD PROVINCIAL DEL CUSCO _cBIBLIOTECA MUNICIPAL DEL CUSCO |
||
| 082 |
_aPI / 376.1 / _bP26 |
||
| 110 |
_aParragon _933402 |
||
| 245 | _aPasatiempos Horribles, peludos y espeluznantes / | ||
| 260 |
_aNueva York, _bParragon books, _c2014. |
||
| 300 |
_a48 paginas ; _bilustraciones, graficos, dibujos, _c27 cm. |
||
| 500 | _aLiteratura para niƱos | ||
| 650 |
_aLiteratura _983 |
||
| 650 |
_aHistoria _9136 |
||
| 650 |
_aCuentos _9217 |
||
| 700 |
_aTorras, Miriam _933609 |
||
| 942 |
_2ddc _cLIBROS |
||
| 945 |
_apjha _d2019-04-24 |
||